Solve the Secret Poet - Statistics

General Stats
  • This quiz has been taken 968 times
  • The average score is 8 of 21
Answer Stats
Scramble Poet % Correct
EOP Poe
100%
ABELK Blake
71%
FORST Frost
66%
AEKST Keats
65%
AAEEEHKPRSS Shakespeare
63%
DHOORRSTWW Wordsworth
63%
AHLPT Plath
58%
AHIMNTW Whitman
56%
BNORY Byron
53%
AESTY Yeats
53%
BENORT Bronte
32%
CDIIKNNOS Dickinson
22%
CGIMMNSU Cummings
18%
GIIKLNP Kipling
17%
AEGLNOU Angelou
16%
EIORSSTT Rossetti
16%
ADENRU Neruda
15%
AHMOST Thomas
15%
Secret Poet COLERIDGE
13%
HIKNPSU Pushkin
13%
ANOOSSS Sassoon
11%
No matching quizzes found
Score Distribution
Percent of People with Each Score
Percentile by Number Answered
Your Score History
You have not taken this quiz